Statistics for Страны, начинающиеся на букву Э

Click here to take the quiz!

General Stats

  • This quiz has been taken 982 times
  • The average score is 4 of 6

Answer Stats

Страна% Correct
Эстония
88%
Эквадор
71%
Эфиопия
70%
Эритрея
69%
Эсватини
56%
Экваториальная Гвинея
45%

Score Distribution

Percentile by Number Answered

Percent of People with Each Score

Your Score History

You have not taken this quiz